| 000 | 01289nam a2200325 a 4500 | ||
|---|---|---|---|
| 001 | ebr10263704 | ||
| 003 | CaPaEBR | ||
| 006 | m u | ||
| 007 | cr cn||||||||| | ||
| 008 | 041206s2004 enkb sb 001 0 eng | ||
| 010 | _z 2004304546 | ||
| 015 |
_aGBA454270 _2bnb |
||
| 020 | _z0199252874 (hbk.) | ||
| 040 |
_aCaPaEBR _cCaPaEBR |
||
| 035 | _a(OCoLC)252638258 | ||
| 043 | _ae-uk--- | ||
| 050 | 1 | 4 |
_aDA229 _b.R335 2004eb |
| 082 | 0 | 4 |
_a941.03/5 _222 |
| 100 | 1 | _aRaban, Sandra. | |
| 245 | 1 | 2 |
_aA second domesday? _h[electronic resource] : _bthe hundred rolls of 1279-80 / _cSandra Raban. |
| 260 |
_aOxford ; _aNew York : _bOxford University Press, _cc2004. |
||
| 300 |
_avi, 229 p. : _bmaps. |
||
| 504 | _aIncludes bibliographical references (p. [204]-214) and index. | ||
| 533 |
_aElectronic reproduction. _bPalo Alto, Calif. : _cebrary, _d2013. _nAvailable via World Wide Web. _nAccess may be limited to ebrary affiliated libraries. |
||
| 650 | 0 |
_aLand tenure _zEngland _xHistory _yTo 1500 _vSources. |
|
| 651 | 0 |
_aGreat Britain _xHistory _yEdward I, 1272-1307 _vSources. |
|
| 655 | 7 |
_aElectronic books. _2local |
|
| 710 | 2 | _aebrary, Inc. | |
| 856 | 4 | 0 |
_uhttp://site.ebrary.com/lib/rucke/Doc?id=10263704 _zAn electronic book accessible through the World Wide Web; click to view |
| 999 |
_c11567 _d11567 |
||